歴代桜花賞勝ち馬 - Statistics

General Stats
  • This quiz has been taken 12 times
  • The average score is 22 of 85
Answer Stats
Hint Answer % Correct
1986 メジロラモーヌ
90%
2014 ハープスター
90%
2019 グランアレグリア
90%
2003 スティルインラブ
80%
2005 ラインクラフト
80%
2012 ジェンティルドンナ
80%
2020 デアリングタクト
80%
2021 ソダシ
80%
2023 リバティアイランド
80%
1993 ベガ
70%
2004 ダンスインザムード
70%
2007 ダイワスカーレット
70%
2010 アパパネ
70%
2018 アーモンドアイ
70%
2022 スターズオンアース
70%
2024 ステレンボッシュ
70%
2025 エンブロイダリー
70%
2016 ジュエラー
60%
1998 ファレノプシス
50%
2001 テイエムオーシャン
50%
2006 キストゥヘヴン
50%
2009 ブエナビスタ
50%
2011 マルセリーナ
50%
2013 アユサン
50%
2017 レーヌミノル
50%
1975 テスコガビー
40%
2015 レッツゴードンキ
40%
1989 シャダイカグラ
30%
1990 アグネスフローラ
30%
1994 オグリローマン
30%
1999 プリモディーネ
30%
2002 アローキャリー
30%
2008 レジネッタ
30%
1966 ワカクモ
20%
1987 マックスビューティ
20%
1991 シスタートウショウ
20%
1992 ニシノフラワー
20%
1995 ワンダーパヒューム
20%
1997 キョウエイマーチ
20%
1952 スウヰイスー
10%
1968 コウユウ
10%
1980 ハギノトップレディ
10%
1996 ファイトガリバー
10%
2000 チアズグレイス
10%
1939 ソールレデイ
0%
1940 タイレイ
0%
1941 ブランドソール
0%
1942 バンナーゴール
0%
1943 ミスセフト
0%
1944 ヤマイワイ
0%
1947 ブラウニー
0%
1948 ハマカゼ
0%
1949 ヤシマドオター
0%
1950 トサミツル
0%
1951 ツキカワ
0%
1953 カンセイ
0%
1954 ヤマイチ
0%
1955 ヤシマベル
0%
1956 ミスリラ
0%
1957 ミスオンワード
0%
1958 ホウシユウクイン
0%
1959 キヨタケ
0%
1960 トキノキロク
0%
1961 スギヒメ
0%
1962 ケンホウ
0%
1963 ミスマサコ
0%
1964 カネケヤキ
0%
1965 ハツユキ
0%
1967 シーエース
0%
1969 ヒデコトブキ
0%
1970 タマミ
0%
1971 ナスノカオリ
0%
1972 アチーブスター
0%
1973 ニットウチドリ
0%
1974 タカエノカオリ
0%
1976 テイタニヤ
0%
1977 インターグロリア
0%
1978 オヤマテスコ
0%
1979 ホースメンテスコ
0%
1981 ブロケード
0%
1982 リーゼングロス
0%
1983 シャダイソフィア
0%
1984 ダイアナソロン
0%
1985 エルプス
0%
1988 アラホウトク
0%
No matching quizzes found
Score Distribution
Percent of People with Each Score
Percentile by Number Answered
Your Score History
You have not taken this quiz